My 10 Favorite Countries - By Shape - Statistics

General Stats
  • This quiz has been taken 20 times
  • The average score is 6 of 10
Answer Stats
Picture Answer % Correct
Israel
89%
Maldives
83%
Papua New Guinea
72%
Eritrea
67%
Nauru
61%
Guyana
56%
Samoa
50%
Lesotho
39%
Suriname
39%
Tuvalu
33%
No matching quizzes found
Score Distribution
Percent of People with Each Score
Percentile by Number Answered
Your Score History
You have not taken this quiz